| 000 | 01969cam a22003977a 4500 | ||
|---|---|---|---|
| 001 | 113260 | ||
| 005 | 20230410130522.0 | ||
| 008 | 100311s2010 nyu b 000 0 eng | ||
| 035 | _a16131029 | ||
| 925 | 0 |
_aacquire _b2 shelf copies _xpolicy default |
|
| 942 |
_2lcc _cbk |
||
| 010 | _a 2010008771 | ||
| 020 | _a9780230105461 (alk. paper) | ||
| 040 |
_aDLC _cDLC _dDLC |
||
| 043 |
_af------ _af-ke--- |
||
| 050 | 1 | 4 |
_aPL 8010.6 _bA523p 2010 |
| 082 | 0 | 0 | _a896.09 |
| 100 | 1 | _aAmoko, Apollo Obonyo. | |
| 245 | 1 | 0 |
_aPostcolonialism in the wake of the Nairobi revolution : _bNgugi wa Thiong'o and the idea of African literature / _cby Apollo Obonyo Amoko. |
| 260 |
_aNew York : _bPalgrave Macmillan, _c2010. |
||
| 300 |
_axi, 204 p. ; _c22 cm. |
||
| 504 | _aIncludes bibliographical references. | ||
| 505 | 0 | _aIntroduction: pitfalls of postcolonial intellectual consciousness: African literature in the wake of the Nairobi revolution -- Early fictions of school culture: The river between and Weep not, child -- Later fictions of school culture: Petals of blood and Devil on the cross -- Theaters of school culture: festac, the Kenya national theater and the Kamiriithu theatre project, the trial of Dedan Kimathi, I will marry when I want and Kenneth Watene's Dedan Kimathi -- Conclusion: between irony and tragedy: Chiekh Hamidou Kane's ambiguous adventure in Ambiguous adventure. | |
| 600 | 0 | 0 |
_aNgugi wa Thiong'o, _d1938- _xCriticism and interpretation. |
| 600 | 0 | 0 |
_aNgugi wa Thiong'o, _d1938- _xInfluence. |
| 650 | 0 |
_aAfrican literature _y20th century _xHistory and criticism. |
|
| 650 | 0 |
_aNationalism and literature _zAfrica. |
|
| 650 | 0 |
_aPostcolonialism _zAfrica. |
|
| 650 | 0 | _aPostcolonialism in literature. | |
| 651 | 0 |
_aAfrica _xIn literature. |
|
| 651 | 0 |
_aKenya _xIn literature. |
|
| 650 | 4 | _aLiteratura africana. | |
| 650 | 4 |
_aLiteratura africana _xHistoria y crítica. |
|
| 650 | 4 | _aNovela africana -- Historia y crítica | |
| 946 | _aYSL | ||
| 999 |
_c75455 _d75455 |
||